000 00529cam a2200169 a 4500
999 _c4710
_d4710
008 070402s2007 enka j 000 1 eng
020 _a9780007258178 (pbk.)
020 _a0007258178 (pbk.)
050 4 _aPZ7.Y78
_bHow4 2007
082 0 4 _a E FIC YOL
_222
100 1 _aYolen, Jane.
245 1 0 _aHow do dinosaurs go to school? /
_cJane Yolen ; illustrated by Mark Teague.
260 _aLondon :
_bHarperCollins Children's Books,
_c2007.
300 _a[30] p. :
_bchiefly col. ill. ;
_c32 cm.
942 _2ddc